Gestión de empresas de turismo y ocio: el arte de provocar la satisfacción

Guardat en:
Dades bibliogràfiques
Autor principal: Valls, Josep-Francesc (Autor)
Format: Llibre
Idioma:espanyol
Publicat: Barcelona Gestión 2000 2004
Matèries:
Etiquetes: Afegir etiqueta
Sense etiquetes, Sigues el primer a etiquetar aquest registre!

MARC

LEADER 00000nam a2200000 a 4500
001 UCI5177
003 CL-VaPUC
008 080314e20040000SP |||||||||||||||||spa|d
020 |a 8480889675 
082 0 4 |a 338.4791  |b VAL  |2 21 
100 0 |a Valls, Josep-Francesc  |e author  |9 527313 
245 1 0 |a Gestión de empresas de turismo y ocio: el arte de provocar la satisfacción 
300 |a 220 p 
942 |c BK 
945 |d 20080314 00:00:00  |a jtorresc 
260 |a Barcelona  |b Gestión 2000  |c 2004 
650 0 |a Empresas turísticas  |9 472420 
650 7 |a DIRECCION Y ADMINISTRACION  |2 CL-VaPUC  |9 260935 
650 0 |a Turismo  |9 308920 
650 0 |a Desarrollo turístico   |9 525699 
650 0 |a Planificación estratégica   |9 259735 
583 |a last modification  |c 20080314 00:00:00  |k Rodrigo Vera 
999 |c 328940  |d 328938